| 000 | 01141cab a2200385 4500 | ||
|---|---|---|---|
| 001 | ABS53994 | ||
| 008 | 090401t1995 xxu||||| |||| 00| 0 eng d | ||
| 035 | _a(Sirsi) u7800 | ||
| 041 | _aeng | ||
| 245 | _aQS software | ||
| 260 | _c1995 | ||
| 350 | _a0 | ||
| 490 |
_aCivil Engineering Surveyor _v20(9) November 1995, 13-16(4) |
||
| 520 | _aAnalyses quantity surveying software packages, summarising the findings in a table indicating applications, description libraries available, platform used, hardware requirements and company information. | ||
| 650 | _a1ST RATE | ||
| 650 | _aACE | ||
| 650 | _aBQ-MICRO | ||
| 650 | _aCALCULIX | ||
| 650 | _aCCS SYSTEM | ||
| 650 | _aCONSTRUCTION INDUSTRY TRADING ELECTRONICALLY | ||
| 650 | _aICEPAC | ||
| 650 | _aISEC | ||
| 650 | _aMANIFEST SUPER | ||
| 650 | _aQ-SCRIPT | ||
| 650 | _aQS ELITE | ||
| 650 | _aQS OFFICE | ||
| 650 | _aBUILT ENVIRONMENT-QUANTITY SURVEYING | ||
| 650 | _aQUMIC | ||
| 650 | _aSOFTWARE PACKAGES | ||
| 650 | _aVECTOR | ||
| 650 | _aWESSEX | ||
| 690 | _aMANAGEMENT-BUSINESS MANAGEMENT-INFORMATION MANAGEMENT | ||
| 942 | _n0 | ||
| 948 | _c04/03/1997 | ||
| 999 |
_c4745 _d4745 |
||